ბათუმის შოთა რუსთაველის სახელმწიფო უნივერსიტეტის ბიბლიოთეკა

მეხილეობა : (ბიბ.ჩანაწერი № 61070)

000 -ლიდერი
ფიქსირებული სიგრძის საკონტროლო ველი 01378nam a22002537a 4500
003 - საკონტროლო ნომრის იდენტიფიკატორი
საკონტროლო ველი Ge_BSU
005 - ბოლო ოპერაციის თარიღი და დრო
საკონტროლო ველი 20231213142723.0
008 - ფიქსირებული სიგრძის მონაცემთა ელემენტები - ზოგადი ინფორმაცია
ფიქსირებული სიგრძის საკონტროლო ველი 231213s2018 ge ||||| |||| 00| 0 geo d
041 ## - ენის კოდი
Language code of text/sound track or separate title geo
080 ## - უნივერსალური ათობითი კლასიფიკაციის ინდექსი
Universal Decimal Classification number 634(075.8) მ-63
245 ## - ცნობა სათაურის შესახებ
Title მეხილეობა :
Remainder of title სახელმძღვანელო /
Statement of responsibility, etc ლ. ებრალიძე, შ. ლამპარაძე, დ. ჯაში, ნ. ჯაბნიძე; რედაქტორი ნუგზარ ოქროპირიძე;
264 ## - წარმოების, გამოცემის, დისტრიბუციის და სხვა ცნობები
გამოცემის, წარმოების, დისტრიბუციის... ადგილი თბილისი :
გამოცემის, წარმოების, დისტრიბუციის... სახელწოდება პოლიგრაფლუქსი,
გამოცემის, წარმოების, დისტრიბუციის... თარიღი 2018.
300 ## - ფიზიკური აღწერა
Extent 208 გვ. :
Other physical details ილ.;
Dimensions 21 სმ.
501 ## - შენიშვნა თანმხლებ მასალაზე
With note საძიებელი გვ. 206
504 ## - BIBLIOGRAPHY, ETC. NOTE
Bibliography, etc ბიბლიოგრ. გვ. 207
653 ## - INDEX TERM--UNCONTROLLED
Uncontrolled term ხეხილოვანი მცენარეები
653 ## - INDEX TERM--UNCONTROLLED
Uncontrolled term ხეხილოვანი მცენარეების მყნობა, გამრავლება
700 ## - ADDED ENTRY--PERSONAL NAME
Personal name ებრალიძე, ლ.
Relator term ავტორი
9 (RLIN) 1797
700 ## - ADDED ENTRY--PERSONAL NAME
Personal name ლამპარაძე, შ.
Relator term ავტორი
9 (RLIN) 1799
700 ## - ADDED ENTRY--PERSONAL NAME
Personal name ჯაში, დ.
Relator term ავტორი
9 (RLIN) 1805
700 ## - ADDED ENTRY--PERSONAL NAME
Personal name ჯაბნიძე, ნ.
Relator term ავტორი
9 (RLIN) 20701
700 ## - ADDED ENTRY--PERSONAL NAME
Personal name ოქროპირიძე, ნუგზარ
Relator term რედაქტორი
9 (RLIN) 20702
942 ## - ADDED ENTRY ELEMENTS (KOHA)
Source of classification or shelving scheme
Koha item type წიგნი
ეგზემპლარები
ჩამოწერის სტატუსი დაკარგული ეგზემპლარის სტატუსი კლასიფიკაციის წყარო ან თაროზე გაწყობის სქემა დაზიანების სტატუსი არ გაიცემა მუდმივი მდებარეობა (დაცვის ადგილი) ამჟამინდელი ადგილსამყოფელი თაროზე განთავსების ადგილი შეძენის თარიღი ღირებულება, შესყიდვის ნორმალური ფასი სრული შენახვის შიფრი შტრიხკოდი ბოლო ოპერაციის თარიღი ეგზემპლარის მიმდევრობითი ნომერი (კეტერი?) ფასის ძალაში შესვლის თარიღი ეგზემპლარის სახეობა საჯარო შენიშვნა
          აგრარული და მემბრანული ტექნოლოგიების ინსტიტუტის ბიბლიოთეკა აგრარული და მემბრანული ტექნოლოგიების ინსტიტუტის ბიბლიოთეკა წიგნსაცავი 2023-12-13 8.00 634(075.8) მ-63 66957 2023-12-13 66957 2023-12-13 წიგნი 8 ლ.
          აგრარული და მემბრანული ტექნოლოგიების ინსტიტუტის ბიბლიოთეკა აგრარული და მემბრანული ტექნოლოგიების ინსტიტუტის ბიბლიოთეკა წიგნსაცავი 2023-12-13 8.00 634(075.8) მ-63 66958 2023-12-13 66958 2023-12-13 წიგნი 8 ლ.
          აგრარული და მემბრანული ტექნოლოგიების ინსტიტუტის ბიბლიოთეკა აგრარული და მემბრანული ტექნოლოგიების ინსტიტუტის ბიბლიოთეკა წიგნსაცავი 2023-12-13 8.00 634(075.8) მ-63 66959 2023-12-13 66959 2023-12-13 წიგნი 8 ლ.
          აგრარული და მემბრანული ტექნოლოგიების ინსტიტუტის ბიბლიოთეკა აგრარული და მემბრანული ტექნოლოგიების ინსტიტუტის ბიბლიოთეკა წიგნსაცავი 2023-12-13 8.00 634(075.8) მ-63 66960 2023-12-13 66960 2023-12-13 წიგნი 8 ლ.
          აგრარული და მემბრანული ტექნოლოგიების ინსტიტუტის ბიბლიოთეკა აგრარული და მემბრანული ტექნოლოგიების ინსტიტუტის ბიბლიოთეკა წიგნსაცავი 2023-12-13 8.00 634(075.8) მ-63 66961 2023-12-13 66961 2023-12-13 წიგნი 8 ლ.
          აგრარული და მემბრანული ტექნოლოგიების ინსტიტუტის ბიბლიოთეკა აგრარული და მემბრანული ტექნოლოგიების ინსტიტუტის ბიბლიოთეკა წიგნსაცავი 2023-12-13 8.00 634(075.8) მ-63 66962 2023-12-13 66962 2023-12-13 წიგნი 8 ლ.